|
|
|
|
| LEADER |
00000nam a2200000 a 4500 |
| 001 |
vtls001325014 |
| 003 |
SK-MaSNL |
| 005 |
20260302070430.0 |
| 008 |
251113s1994 YU c b 0 scc |
| 020 |
|
|
|a 8670252023
|c [88,00]
|
| 035 |
|
|
|a SNK000277758
|
| 040 |
|
|
|a SNK
|b slo
|c SNK
|e AACR2
|
| 044 |
|
|
|a YU
|
| 080 |
|
|
|a 929 Dučić, J.
|2 1981
|
| 080 |
|
|
|a 82(497.1)(091) Dučić, J.
|2 1981
|
| 100 |
1 |
|
|a Vitanović, Slobodan
|4 aut
|9 730891
|
| 245 |
1 |
0 |
|a Jovan Dučić u znaku Apolona i Dionisa
|b književni pogledi i poetika
|c Slobodan Vitanović ; urednik Predrag Palavestra
|
| 260 |
|
|
|a Beograd
|b Srpska akademija nauka i umetnosti
|c 1994
|
| 300 |
|
|
|a xii, 206 s.,[7] s. fot. príl.
|c 24 cm
|
| 490 |
1 |
|
|a Posebna izdanja. Odeljenje jezika i književnosti
|v knj. 47
|
| 500 |
|
|
|a Súbež. tit. strana nem.
|
| 500 |
|
|
|a Edícia má zv. 630
|
| 600 |
1 |
|
|a Dučić, Jovan
|d 1871-1943
|x život a dielo
|2 SNK
|9 730892
|
| 700 |
1 |
|
|a Palavestra, Predrag
|4 upr
|9 327099
|
| 830 |
|
0 |
|a Posebna izdanja. Odeljenje jezika i književnosti c
|9 730893
|
| 919 |
|
|
|a 86-7025-202-3
|
| 999 |
|
|
|c 1147199
|d 1149129
|
| 952 |
|
|
|t P60, <04>, [BOOK], {604}
|a SNK
|b SNK
|y VYP
|7 0
|p 17A0128592
|o snkIC 127102
|i snkV 235/98
|0 0
|1 0
|4 0
|d 1998-03-18
|l 0
|r 2005-01-02 00:00:00
|w 2026-02-24
|